000 00578nam a2200181Ia 4500
005 20250508164901.0
008 008 250505s9999 xx 000 0 eng d
037 _aDissertations
040 _aFEDL
_beng
_cFEDL
041 _aeng
_2eng
084 _a420.7, TAL/DI
_qFEDL
100 _aTalwar Rinku
_9779419
245 0 _aStudy on the usage of educational technology for english language teaching at the middle school stage
260 _c2003
546 _aM. Ed. Dissertation (Delhi University)
942 _cDIS
_h420.7, TAL/DI
999 _c1391786
_d1391786